Historia de la desigualdades sociales en América Central: una visión interdisciplinaria. Siglos XVIII-XXI /
El libro aborda el análisis de las desigualdades a lo largo de los siglos en la región de América Central desde una perspectiva interdisciplinaria. Explora cómo factores históricos, sociales, económicos y políticos han contribuido a la creación y perpetuación de desigualdades en esta región. El libr...
Guardado en:
| Andre forfattere: | , |
|---|---|
| Format: | Bog |
| Sprog: | Spanish |
| Udgivet: |
San José, Costa Rica
CIHAC, UCR
2016
|
| Serier: | Colección Nueva Historia Contemporánea de Centroamérica del Centro de Investigaciones en América Central (CIHAC)
|
| Fag: | |
| Tags: |
Tilføj Tag
Ingen Tags, Vær først til at tagge denne postø!
|
MARC
| LEADER | 00000nam a22000007a 4500 | ||
|---|---|---|---|
| 003 | cru CIDCACS/IIS | ||
| 005 | 20230912142810.0 | ||
| 007 | ta | ||
| 008 | 161205b2006 cr ||||| |||| 00| 0 spa d | ||
| 020 | |a 9789968919241 | ||
| 040 | |c cru CIDCACS/IIS |a CRAI/IIS | ||
| 090 | |a 05.03.05 V611h | ||
| 100 | 1 | |a Viales Hurtado, Ronny José |e editor |9 724 | |
| 245 | 1 | |a Historia de la desigualdades sociales en América Central: |b una visión interdisciplinaria. Siglos XVIII-XXI / |c Ronny J. Viales Hurtado, David Díaz Arias, Editores | |
| 260 | |a San José, Costa Rica |b CIHAC, UCR |c 2016 | ||
| 300 | |a 634 páginas: |b tablas, gráficos, mapas, fotos | ||
| 440 | 0 | |9 726 |a Colección Nueva Historia Contemporánea de Centroamérica del Centro de Investigaciones en América Central (CIHAC) | |
| 520 | 3 | |a El libro aborda el análisis de las desigualdades a lo largo de los siglos en la región de América Central desde una perspectiva interdisciplinaria. Explora cómo factores históricos, sociales, económicos y políticos han contribuido a la creación y perpetuación de desigualdades en esta región. El libro examina las dinámicas de poder, las estructuras sociales y las políticas que han afectado a diferentes grupos de la sociedad, y cómo estas desigualdades se han manifestado en áreas como la educación, la salud, el acceso a recursos y oportunidades. A través de un enfoque interdisciplinario, se busca proporcionar una comprensión más completa de las desigualdades en América Central y las posibles formas de abordarlas. RAR | |
| 650 | 0 | 0 | |2 OCDE |9 77 |a DESIGUALDAD SOCIAL |
| 650 | 0 | 0 | |2 OCDE |9 4894 |a DESIGUALDAD ECONOMICA |
| 650 | 0 | 0 | |2 OCDE |9 136 |a HISTORIA |
| 650 | 0 | 0 | |2 OCDE |9 4633 |a INTERDISCIPLINARIEDAD |
| 650 | 0 | 0 | |2 OCDE |9 4355 |a ASPECTOS ECONOMICOS |
| 650 | 0 | 0 | |2 OCDE |9 632 |a ASPECTOS SOCIALES |
| 650 | 0 | 0 | |2 OCDE |9 3066 |a ASPECTOS POLITICOS |
| 650 | 0 | 0 | |2 OCDE |9 3066 |a ASPECTOS POLITICOS |
| 650 | 0 | 0 | |2 OCDE |9 11638 |a DINAMICAS DE PODER |
| 650 | 0 | 0 | |2 OCDE |9 2137 |a ESTRUCTURA SOCIAL |
| 650 | 0 | 0 | |2 OCDE |9 944 |a EDUCACION |
| 650 | 0 | 0 | |2 OCDE |9 2449 |a SALUD |
| 650 | 0 | 0 | |2 OCDE |9 7735 |a RECURSOS |
| 650 | 0 | 0 | |2 OCDE |9 11650 |a OPORTUNIDADES |
| 651 | 0 | |2 OCDE |9 128 |a AMERICA CENTRAL | |
| 700 | 1 | |a Díaz Arias, David |9 725 | |
| 942 | |2 z |c LI |h 05.03.05 V611h |i 19064 |6 050305_V611H_19064 | ||
| 999 | |c 18803 |d 18803 | ||



